Dwuczłonowe miasta w Polsce - Statystyki

Ogólne statystyki
  • Ten quiz został rozwiązany 31 razy
  • Średni wynik to 5 z 6
Statystyki odpowiedzi
Obrazkowy Odpowiedź % Poprawnych
Zielona Góra
93%
Bielsko-Biała
87%
Jelenia Góra
87%
Ruda Śląska
87%
Dąbrowa Górnicza
70%
Jastrzębie-Zdrój
47%
Nie znaleziono quizów pasujących do podanych kryteriów
Rozkład punktacji
Procent ludzi z każdym wynikiem
Percentyl według liczby udzielonych odpowiedzi
Twoja historia wyników
Nie rozwiązałeś tego quizu